NDU-K Library Catalogue

Girl in a jacket 

Chinese migrants and Africa's development : (Record no. 23689)

MARC details
000 -LEADER
fixed length control field 02384cam a2200445 a 4500
001 - CONTROL NUMBER
control field 18323768
003 - CONTROL NUMBER IDENTIFIER
control field OSt
005 - DATE AND TIME OF LATEST TRANSACTION
control field 20260413130347.0
008 - FIXED-LENGTH DATA ELEMENTS--GENERAL INFORMATION
fixed length control field 141002s2014 enk b 001 0 eng d
010 ## - LIBRARY OF CONGRESS CONTROL NUMBER
LC control number 2014453412
016 7# - NATIONAL BIBLIOGRAPHIC AGENCY CONTROL NUMBER
Record control number 016689222
Source Uk
020 ## - INTERNATIONAL STANDARD BOOK NUMBER
International Standard Book Number 9781780329178
Qualifying information hardback
020 ## - INTERNATIONAL STANDARD BOOK NUMBER
International Standard Book Number 1780329172
Qualifying information hardback
020 ## - INTERNATIONAL STANDARD BOOK NUMBER
International Standard Book Number 9781780329161
Qualifying information paperback
020 ## - INTERNATIONAL STANDARD BOOK NUMBER
International Standard Book Number 1780329164
Qualifying information paperback
035 ## - SYSTEM CONTROL NUMBER
System control number 18323768
035 ## - SYSTEM CONTROL NUMBER
System control number (OCoLC)845231701
040 ## - CATALOGING SOURCE
Original cataloging agency YDXCP
Language of cataloging eng
Transcribing agency YDXCP
Modifying agency BDX
-- OCLCO
-- UKMGB
-- EYM
-- CHVBK
-- VP@
-- OCLCF
-- ZWZ
-- DLC
042 ## - AUTHENTICATION CODE
Authentication code lccopycat
043 ## - GEOGRAPHIC AREA CODE
Geographic area code f------
-- a-cc---
050 00 - LIBRARY OF CONGRESS CALL NUMBER
Classification number HD8778.5.C5
Item number C45 2014
082 04 - DEWEY DECIMAL CLASSIFICATION NUMBER
Classification number 331.63951096
Edition number 23
245 00 - TITLE STATEMENT
Title Chinese migrants and Africa's development :
Remainder of title new imperialists or agents of change? /
Statement of responsibility, etc. Giles Mohan ... [et al.].
260 ## - PUBLICATION, DISTRIBUTION, ETC.
Place of publication, distribution, etc. London :
Name of publisher, distributor, etc. Zed Books,
Date of publication, distribution, etc. 2014.
300 ## - PHYSICAL DESCRIPTION
Extent 185 p. ;
Dimensions 23 cm.
336 ## - CONTENT TYPE
Content type term text
Content type code txt
Source rdacontent
337 ## - MEDIA TYPE
Media type term unmediated
Media type code n
Source rdamedia
338 ## - CARRIER TYPE
Carrier type term volume
Carrier type code nc
Source rdacarrier
504 ## - BIBLIOGRAPHY, ETC. NOTE
Bibliography, etc. note Includes bibliographical references (p. 165-178) and index.
520 ## - SUMMARY, ETC.
Summary, etc. China's recent stepping up of relations with Africa is one of the most significant developments on the African continent for decades. For some it promises an end to Africa's dependent aid relationships as the Chinese bring expertise, technology, and a stronger business focus. But for others it is no more than a new form of imperialism. This book is the first to systematically study the motivations, relationships, and impact of this migration. It focuses not just on the Chinese migrants but also on the perceptions of, and linkages to, their African 'hosts'. By studying this everyday interaction we get a much richer picture of whether this is South-South cooperation, as the political leaders would have us believe, or a more complex relationship that can both compromise and encourage African development.
650 #0 - SUBJECT ADDED ENTRY--TOPICAL TERM
Topical term or geographic name entry element Foreign workers, Chinese
Geographic subdivision Africa.
651 #0 - SUBJECT ADDED ENTRY--GEOGRAPHIC NAME
Geographic name Africa
General subdivision Economic conditions.
651 #0 - SUBJECT ADDED ENTRY--GEOGRAPHIC NAME
Geographic name Africa
General subdivision Foreign economic relations
Geographic subdivision China.
651 #0 - SUBJECT ADDED ENTRY--GEOGRAPHIC NAME
Geographic name China
General subdivision Foreign economic relations
Geographic subdivision Africa.
700 1# - ADDED ENTRY--PERSONAL NAME
Personal name Mohan, Giles,
Dates associated with a name 1966-
906 ## - LOCAL DATA ELEMENT F, LDF (RLIN)
a 7
b cbc
c copycat
d 2
e ncip
f 20
g y-gencatlg
942 ## - ADDED ENTRY ELEMENTS (KOHA)
Source of classification or shelving scheme Library of Congress Classification
Koha item type Normal Collection
Suppress in OPAC No
Holdings
Withdrawn status Lost status Source of classification or shelving scheme Damaged status Not for loan Home library Current library Date acquired Inventory number Total Checkouts Full call number Barcode Date last seen Price effective from Koha item type
    Library of Congress Classification     International Peace Support Training Centre (IPSTC) International Peace Support Training Centre (IPSTC) 13/04/2026 2952/2020   HD8778.5.C5 C45 2014 200129522020 13/04/2026 13/04/2026 Normal Collection
Copyright © 2026 [National Defence University - Kenya]. All rights reserved.